| 000 | 00549nam a22001817a 4500 | ||
|---|---|---|---|
| 005 | 20251108164348.0 | ||
| 008 | 250721s1999 xx 000 0 ara d | ||
| 082 | 1 | 4 | _a658.8/عبا |
| 100 | 1 | _aالعبادي، سمير | |
| 245 | 1 | 0 | _aالتسويق الصناعي مفاهيم و إستراتيجيات / |
| 264 | 1 |
_aعمان : _bدار الحامد للنشر، _c1999. |
|
| 300 | _a331ص | ||
| 650 | 1 | 7 | _aالتسويق |
| 650 | 1 | 7 | _aالتسويق الصناعي |
| 700 | 1 | _aسويدان، نظام | |
| 942 |
_2ddc _cBK |
||
| 999 |
_c10279 _d10279 |
||